Länder mit der größten Geschlechtergleichheit - Statistiken

Allgemein
  • Dieses Quiz wurde 42 mal gespielt
  • Das Durchschnittsergebnis liegt bei 6 aus 10
Antwortstatistiken
Gleichheit in % Land % Korrekt
80,3 Deutschland
95%
81,7 Schweden
89%
87,9 Finnland
86%
86,3 Norwegen
86%
92,6 Island
78%
80,1 Irland
57%
82,7 Neuseeland
51%
83,8 Vereinigtes Königreich
51%
81,3 Moldawien
3%
81,1 Namibia
0%
Keine übereinstimmenden Quizze gefunden
Verteilung der Resultate
Anzahl Personen mit jedem Resultat
Perzentil nach korrekt beantworteten Fragen
Ihre Resultats-Entwicklung
Sie haben dieses Quiz noch nicht gespielt